[Event "London"]
[Site "London"]
[Date "1984.??.??"]
[Round "?"]
[White "Speelman, Jonathan S"]
[Black "Karpov, Anatoly"]
[Result "0-1"]
[WhiteElo "2495"]
[BlackElo "2700"]

1.d4 Nf6 2.Nf3 e6 3.g3 b5 4.Bg2 Bb7 5.Bg5 c5 6.c3 cxd4 7.Bxf6 gxf6 8.cxd4 d5
9.O-O Nd7 10.Qd3 Qb6 11.Nbd2 Be7 12.e4 dxe4 13.Nxe4 O-O 14.Rfe1 Rfd8 15.Qe3 Kg7
16.b4 Bxe4 17.Qxe4 Nf8 18.a3 a5 19.h4 axb4 20.axb4 Ra4 21.Qg4+ Kh8 22.Qh5 Ng6
23.Qh6 Bxb4 24.h5 Bf8 25.Qc1 Ne7 26.Qb2 Nd5 27.Rab1 Rb4 28.Qd2 Rxb1 29.Rxb1 b4
30.Nh2 Qa5 31.Re1 Nc3 32.d5 Nxd5 33.Ng4 Qc7 34.Rd1 Be7 35.Qh6 Bf8 36.Qd2 Rd6
37.Rc1 Nc3 38.Qf4 Rd1+  0-1

[Event "London"]
[Site "London"]
[Date "1984.??.??"]
[Round "?"]
[White "Speelman, Jonathan S"]
[Black "Timman, Jan H"]
[Result "1/2-1/2"]
[WhiteElo "2495"]
[BlackElo "2610"]

1.Nf3 d5 2.d4 Nf6 3.c4 dxc4 4.e3 Bg4 5.Bxc4 e6 6.O-O a6 7.b3 c5 8.Be2 Nc6
9.Bb2 Be7 10.Nbd2 O-O 11.Rc1 Nd7 12.dxc5 Nxc5 13.Nd4 Bxe2 14.Qxe2 Rc8 15.Nc4 Nxd4
16.Bxd4 Nd7 17.h3 b5 18.Nd2 e5 19.Ba1 Qb6 20.Rxc8 Rxc8 21.Qg4 Rc7 22.Rd1 Qg6  1/2-1/2

[Event "London"]
[Site "London"]
[Date "1984.??.??"]
[Round "?"]
[White "Speelman, Jonathan S"]
[Black "Miles, Anthony J"]
[Result "1/2-1/2"]
[WhiteElo "2495"]
[BlackElo "2610"]

1.Nf3 d5 2.d4 Nf6 3.c4 dxc4 4.e3 e6 5.Bxc4 a6 6.O-O c5 7.a4 Nc6 8.Qe2 cxd4
9.Rd1 Be7 10.exd4 O-O 11.Nc3 Nb4 12.Bg5 Bd7 13.d5 exd5 14.Nxd5 Nbxd5 15.Bxd5 Nxd5
16.Rxd5 Bxg5 17.Nxg5 h6 18.Qd2 hxg5 19.Rxd7 Qf6 20.Rd1 Rae8 21.Rxb7 Rd8 22.Rd7 Rxd7
23.Qxd7 Qxb2 24.g3 Rb8  1/2-1/2

[Event "London"]
[Site "London"]
[Date "1984.??.??"]
[Round "?"]
[White "Torre, Eugenio"]
[Black "Speelman, Jonathan S"]
[Result "1/2-1/2"]
[WhiteElo "2565"]
[BlackElo "2495"]

1.d4 Nf6 2.c4 e6 3.Nc3 Bb4 4.e3 O-O 5.Bd3 d5 6.cxd5 exd5 7.Ne2 Re8 8.Qc2 Bf8
9.O-O g6 10.a3 Nc6 11.f3 Bg7 12.Kh1 b6 13.Bd2 Bb7 14.Rae1 a6 15.b4 Re7 16.Qa2 Qd7
17.Bc2 Nd8 18.Nf4 Ne6 19.Nd3 Qd6 20.Rc1 c6 21.Be1 Qd8 22.Bh4 Re8 23.Ne5 c5
24.bxc5 bxc5 25.Ba4 cxd4 26.Bxe8 Qxe8 27.exd4 Nxd4 28.Rfe1 Ne4 29.Nxe4 dxe4
30.Nxf7 Qxf7 31.Qxf7+ Kxf7 32.Rc7+ Kg8 33.Rxb7 exf3 34.gxf3 Nxf3 35.Ree7 Bf8
36.Rxh7 Nxh4 37.Rxh4 Bxa3 38.Rg4 Bf8 39.Rxg6+ Kh8 40.Rg4 Rc8 41.Ra7 a5 42.Rxa5 Bg7
43.Ra2 Rb8 44.Kg2 Rc8 45.Kf3 Rb8 46.Re4 Rb3+ 47.Kg4 Rb5 48.Rf4 Kh7 49.Rg2 Ra5
50.Rf5 Ra4+ 51.Kf3 Ra3+ 52.Kg4 Ra4+ 53.Kh5 Ra6 54.Rf7 Kh8 55.Re7 Ra5+ 56.Kg6 Ra6+
57.Kf7 Rf6+ 58.Ke8 Ra6 59.Rc7 Re6+ 60.Kd7 Re4 61.Rc5 Kh7 62.Kc8 Re8+ 63.Kb7 Re4
64.Rc7 Kh8 65.Rd7 Rc4 66.h3 Rh4 67.Kc8 Rc4+ 68.Rc7 Rf4 69.Rg6 Rf8+ 70.Kb7 Rf4
71.Rd7 Rb4+ 72.Kc8 Rc4+ 73.Rc7 Rf4 74.h4 Rf8+ 75.Kb7 Rf5 76.Rd7 Rb5+ 77.Kc8 Rc5+
78.Rc7 Rf5 79.h5 Bf8 80.Kd7 Rxh5 81.Ke8 Rf5 82.Rg4 Bg7 83.Rf7 Ra5 84.Re7 Ra6  1/2-1/2

[Event "Lloyds Bank op"]
[Site "London"]
[Date "1984.??.??"]
[Round "2"]
[White "Kudrin, Sergey"]
[Black "Speelman, Jonathan S"]
[Result "1-0"]
[WhiteElo "2550"]
[BlackElo "2500"]

1.e4 c6 2.c4 e5 3.Nf3 Nf6 4.Nxe5 d6 5.Nf3 Nxe4 6.d4 d5 7.Bd3 Bb4+ 8.Nbd2 Nxd2
9.Bxd2 Qe7+ 10.Qe2 Bxd2+ 11.Nxd2 dxc4 12.Bxc4 Qxe2+ 13.Kxe2 O-O 14.Rhe1 Nd7
15.Kf1 Nb6 16.Bb3 a5 17.a3 a4 18.Ba2 Ra5 19.Nc4 Rb5 20.Nd6 Rxb2 21.Reb1 Rxb1+
22.Rxb1 Nd5 23.Nxc8 Rxc8 24.Rxb7 g6 25.Ra7 Rb8 26.g3 Rb2 27.Bxd5 cxd5 28.Rxa4 Rb3
29.h4 h5 30.Ke2 Kg7 31.Ra5 Kf6 32.Rxd5 Rxa3 33.Re5 Ra4 34.Ke3 Ra3+ 35.Ke4 Ra2
36.Ke3 Ra3+ 37.Ke4 Ra2 38.f3 Re2+ 39.Kf4 Ra2 40.Re3 Ra1 41.Re2 Rd1 42.Re4 Rf1
43.Re3 Rd1 44.Re4 Rf1 45.Ke3 Re1+ 46.Kd3 Rf1 47.Kc4 Rxf3 48.Rf4+ Rxf4 49.gxf4 Ke6
50.Kc5 Kd7 51.d5 Kc7 52.d6+ Kd7 53.Kd5 f6 54.Kc5 Kc8 55.Kc6 Kd8 56.d7 f5
57.Kd6  1-0

[Event "Lloyds Bank op"]
[Site "London"]
[Date "1984.??.??"]
[Round "5"]
[White "Kraehenbuehl, Gerhard"]
[Black "Speelman, Jonathan S"]
[Result "0-1"]
[WhiteElo "2215"]
[BlackElo "2500"]

1.c4 e5 2.Nc3 Nc6 3.g3 g6 4.Bg2 Bg7 5.d3 d6 6.Rb1 a5 7.Nh3 h5 8.f4 h4 9.Nf2 exf4
10.Bxf4 Nd4 11.Qd2 Ne6 12.O-O Nxf4 13.Qxf4 hxg3 14.Ng4 f5 15.c5 Rh4 16.h3 Nh6
17.Nb5 Be5 18.Nxc7+ Qxc7 19.Qg5 Nxg4 20.Qxh4 Qxc5+ 21.Kh1 Nf2+ 22.Rxf2 gxf2
23.Qh6 Be6 24.Rc1 f1=Q+ 25.Rxf1 Kf7 26.Rc1 Qb6 27.e4 Rh8 28.Qg5 f4  0-1

[Event "Lloyds Bank op"]
[Site "London"]
[Date "1984.??.??"]
[Round "6"]
[White "Speelman, Jonathan S"]
[Black "Ravikumar, Vaidyanathan"]
[Result "1/2-1/2"]
[WhiteElo "2500"]
[BlackElo "2385"]

1.Nf3 g6 2.e4 Bg7 3.d4 d6 4.Bc4 Nf6 5.Qe2 Nc6 6.d5 Ne5 7.Nxe5 dxe5 8.Bb5+ Nd7
9.c4 O-O 10.Nc3 Nf6 11.Bd2 e6 12.Ba4 a6 13.Bb3 Nh5 14.g3 Qe7 15.O-O-O Kh8
16.Kb1 Bd7 17.Be3 f5 18.dxe6 Bxe6 19.Nd5 Qf7 20.exf5 gxf5 21.Nxc7 Qxc7 22.Qxh5 Bxc4
23.Bxc4 Qxc4 24.Bh6 Bxh6 25.Qxh6 Qf7 26.Rd6 Qg7 27.Rc1 Qxh6 28.Rxh6 Rf7 29.Re6 e4
30.f3 exf3 31.Rf1 Rd8 32.Rxf3 Rd2 33.h4 Kg7 34.Rb6 h5 35.a3 Rd4 36.Ka2 Rg4
37.b4 Rg6 38.Rxg6+  1/2-1/2

[Event "Lloyds Bank op"]
[Site "London"]
[Date "1984.??.??"]
[Round "7"]
[White "Rohde, Michael A"]
[Black "Speelman, Jonathan S"]
[Result "0-1"]
[WhiteElo "2420"]
[BlackElo "2500"]

1.e4 e6 2.d4 d5 3.Nc3 Nf6 4.Bg5 dxe4 5.Nxe4 Be7 6.Bxf6 gxf6 7.Nf3 f5 8.Nc3 Bf6
9.Bc4 Nc6 10.Bb5 Qd6 11.Qd2 Bd7 12.Qh6 Qe7 13.O-O-O O-O-O 14.Rhe1 Nb4 15.Kb1 Bxb5
16.Nxb5 a6 17.Nc3 Rd6 18.Ne5 c5 19.Qf4 Rxd4 20.Rxd4 cxd4 21.Qxd4 Qc7 22.Qxb4 Bxe5
23.Na4 Rd8 24.Nb6+ Kb8 25.c3 Bd6 26.Qb3 Bc5 27.Nc4 Bxf2 28.Re2 Qxh2 29.a4 Qxg2  0-1

[Event "Lloyds Bank op"]
[Site "London"]
[Date "1984.??.??"]
[Round "9"]
[White "Speelman, Jonathan S"]
[Black "Nunn, John DM"]
[Result "1/2-1/2"]
[WhiteElo "2500"]
[BlackElo "2575"]

1.c4 Nf6 2.Nc3 c5 3.Nf3 e6 4.g3 d5 5.cxd5 exd5 6.d4 Nc6 7.Bg2 Be7 8.O-O O-O
9.dxc5 Bxc5 10.b3 Be6 11.Bb2 Qe7 12.Nb5 a6 13.Nbd4 Ba3 14.Qc1 Bxb2 15.Qxb2 Rac8
16.Rac1 Rc7 17.a3 Rfc8 18.Nxc6 bxc6 19.b4 a5  1/2-1/2

[Event "Brussels OHRA"]
[Site "Brussels"]
[Date "1985.??.??"]
[Round "2"]
[White "Polgar, Zsuzsa"]
[Black "Speelman, Jonathan S"]
[Result "1-0"]
[WhiteElo "2430"]
[BlackElo "2530"]

1.d4 Nf6 2.c4 e6 3.Nf3 Bb4+ 4.Bd2 c5 5.Bxb4 cxb4 6.g3 b6 7.Bg2 Bb7 8.O-O O-O
9.Nbd2 d6 10.Re1 Nbd7 11.Qb3 a5 12.e4 e5 13.Qd3 Re8 14.Nh4 Nf8 15.Nf5 g6
16.Ne3 Ne6 17.dxe5 Nc5 18.Qxd6 Nfd7 19.f4 Re6 20.Qd4 Nxe5 21.Qxd8+ Rxd8 22.Nd5 Ned3
23.Reb1 Na4 24.a3 b3 25.Nxb3 Ndxb2 26.Nd4 Ree8 27.e5 Kf8 28.Rc1 Nc5 29.Nb5 Nb3
30.Nd6 Rxd6 31.exd6 Bxd5 32.Bxd5 Nxa1 33.Rxa1 Rd8 34.Rb1 Na4 35.Bc6 Nc3 36.Rxb6 Rxd6
37.Rb8+ Kg7 38.Bf3 Rd3 39.Kg2 Rd2+ 40.Kf1 Na4 41.Rb5 Rc2 42.Rxa5 Rxc4 43.Ra7 Nc3
44.Kf2 Rd4 45.Ke3 Rd8 46.a4 Nd1+ 47.Ke2 Nc3+ 48.Kf1 Rd3 49.Bc6 Rd1+ 50.Kf2 Rd2+
51.Ke3 Rd6 52.Rc7 Kh6 53.a5 f5 54.a6 Nd1+ 55.Ke2 Nc3+ 56.Kf2  1-0

[Event "Brussels OHRA"]
[Site "Brussels"]
[Date "1985.??.??"]
[Round "10"]
[White "Speelman, Jonathan S"]
[Black "Nunn, John DM"]
[Result "1/2-1/2"]
[WhiteElo "2530"]
[BlackElo "2615"]

1.d4 Nf6 2.Nf3 g6 3.g3 Bg7 4.Bg2 O-O 5.O-O d6 6.Re1 Nbd7 7.e4 e5 8.Nc3 b6
9.a4 a6 10.dxe5 dxe5 11.b3 Bb7  1/2-1/2

[Event "BCF-ch"]
[Site "Edinburgh"]
[Date "1985.??.??"]
[Round "2"]
[White "Speelman, Jonathan S"]
[Black "Pritchett, Craig William"]
[Result "1-0"]
[WhiteElo "2530"]
[BlackElo "2395"]

1.Nf3 Nf6 2.c4 c5 3.g3 Nc6 4.Bg2 d5 5.cxd5 Nxd5 6.d4 Nf6 7.e3 e6 8.O-O Be7
9.dxc5 Bxc5 10.Qxd8+ Kxd8 11.Bd2 Bd7 12.Nc3 Bd6 13.Rfc1 Rc8 14.Nb5 Bb8 15.Nfd4 Nxd4
16.Nxd4 Nd5 17.Rd1 Be5 18.Be1 Ke7 19.e4 Nb6 20.f4 Bxd4+ 21.Rxd4 Bc6 22.a4 Rhd8
23.Bc3 Rxd4 24.Bxd4 Rd8 25.Be5 Rd7 26.a5 Nc4 27.Bxg7 Rd2 28.Rc1 Ne3 29.Bf3 Nc2
30.Bc3 Nd4 31.Bxd2 Nxf3+ 32.Kf2 Nxd2 33.Ke3 Nxe4 34.Rxc6 bxc6 35.Kxe4 Kd7
36.f5 f6 37.fxe6+ Kxe6 38.g4 h6 39.b4 a6 40.h4 Kd6 41.Kf5  1-0

[Event "BCF-ch"]
[Site "Edinburgh"]
[Date "1985.??.??"]
[Round "3"]
[White "Johansen, Darryl K"]
[Black "Speelman, Jonathan S"]
[Result "0-1"]
[WhiteElo "2410"]
[BlackElo "2530"]

1.e4 c5 2.Nf3 d6 3.d4 cxd4 4.Qxd4 Nc6 5.Bb5 Bd7 6.Bxc6 Bxc6 7.Nc3 Nf6 8.Bg5 e6
9.O-O-O Be7 10.Rhe1 O-O 11.Qd2 Qc7 12.Nd4 Rfd8 13.f4 Rac8 14.g4 b5 15.Ncxb5 Bxb5
16.Nxb5 Qb7 17.Nc3 h6 18.Bxf6 Bxf6 19.Re3 d5 20.exd5 Rxd5 21.Qe2 Ra5 22.Rdd3 Rxa2
23.Nxa2 Qxb2+ 24.Kd1 Qxa2 25.Qd2 Qa1+ 26.Qc1 Qa4 27.Rf3 e5 28.fxe5 Bg5 29.Qb2 Qxg4
30.Qd4 Qg2 31.c4 Rb8 32.Rf2 Qh1+ 33.Ke2 Bc1 34.Rdf3 Rb2+ 35.Kd3 Qd1+ 36.Ke4 Qe1+
37.Kd5 Rb8 38.Kc6 Qa5 39.Rxf7 Qa6+ 40.Kd7 Qb7+ 41.Ke6 Re8+ 42.Kd6 Rd8+ 43.Ke6 Qc6+
44.Qd6 Rxd6+ 45.exd6 Qxc4+  0-1

[Event "BCF-ch"]
[Site "Edinburgh"]
[Date "1985.??.??"]
[Round "4"]
[White "Speelman, Jonathan S"]
[Black "Hawksworth, John C"]
[Result "1-0"]
[WhiteElo "2530"]
[BlackElo "2370"]

1.c4 Nf6 2.Nc3 e6 3.Nf3 c5 4.g3 b6 5.Bg2 Bb7 6.O-O Be7 7.d4 cxd4 8.Qxd4 O-O
9.Rd1 d6 10.Bg5 Qc8 11.Rac1 Rd8 12.Bxf6 Bxf6 13.Qf4 Qc5 14.a3 a6 15.b4 Qc7
16.c5 bxc5 17.bxc5 Qa5 18.Rxd6 Rc8 19.Ne4 Bxe4 20.Qxe4 Qxa3 21.Rcd1 Ra7 22.c6 Rac7
23.Ne5 Qc5 24.e3 h6 25.Nxf7 Rxf7 26.Qxe6 Rf8 27.Qd5 Qxd5 28.Bxd5 Kh7 29.Bxf7 Rxf7
30.Rb1 Be5 31.Re6 Bc7 32.Rb7 a5 33.Re8 Na6 34.Rc8 Rf6 35.Rcxc7 Nxc7 36.Rxc7 a4
37.Ra7 Rxc6 38.Rxa4 Kg6 39.Kg2 Kf6 40.h4 Rb6  1-0

[Event "BCF-ch"]
[Site "Edinburgh"]
[Date "1985.??.??"]
[Round "7"]
[White "King, Daniel J"]
[Black "Speelman, Jonathan S"]
[Result "1/2-1/2"]
[WhiteElo "2435"]
[BlackElo "2530"]

1.e4 c5 2.Nf3 d6 3.d4 cxd4 4.Nxd4 Nf6 5.Nc3 Nc6 6.Bg5 Bd7 7.Be2 Rc8 8.O-O a6
9.Bxf6 gxf6 10.Nf5 Rg8 11.Kh1 Ne5 12.Qd4 Rc5 13.a3 Qc8 14.Ne3 Bg7 15.f4 Ng6
16.f5 Ne5 17.Ncd5 Bh6 18.c4 Qd8 19.b4 Rc6 20.a4 a5 21.Rab1 axb4 22.Rxb4 Bc8
23.Rb5 Nd7 24.a5 Ra6 25.Ra1 Nc5 26.Ra3 Bd7 27.Rb6 Bc6 28.Ng4 Bg5 29.Rxa6 Nxa6
30.Nf2 Kf8 31.Nd3 Kg7 32.g3 Bd2 33.Qa1  1/2-1/2

[Event "BCF-ch"]
[Site "Edinburgh"]
[Date "1985.??.??"]
[Round "8"]
[White "Speelman, Jonathan S"]
[Black "Miles, Anthony J"]
[Result "1/2-1/2"]
[WhiteElo "2530"]
[BlackElo "2560"]

1.Nf3 Nf6 2.c4 b6 3.g3 c5 4.Bg2 Bb7 5.O-O g6 6.b3 Bg7 7.Bb2 O-O 8.Nc3 Na6
9.d4 cxd4 10.Qxd4 Nc5 11.Rac1 Qb8 12.Nd5 Bxd5 13.cxd5 Ne8 14.Qd2 Ne4 15.Qc2 Bxb2
16.Qxb2 f5 17.Ne5 N8f6 18.Qd4 Nd6 19.h4 Rc8 20.h5 Rxc1 21.Rxc1 Qe8  1/2-1/2

[Event "BCF-ch"]
[Site "Edinburgh"]
[Date "1985.??.??"]
[Round "9"]
[White "Condie, Mark L"]
[Black "Speelman, Jonathan S"]
[Result "0-1"]
[WhiteElo "2405"]
[BlackElo "2530"]

1.e4 c5 2.Nf3 d6 3.d4 cxd4 4.Nxd4 Nf6 5.Nc3 g6 6.Be2 Bg7 7.O-O O-O 8.Bg5 Nc6
9.Nb3 a5 10.a4 Be6 11.Re1 Rc8 12.Bb5 d5 13.Bxc6 bxc6 14.Nc5 Qb6 15.exd5 Nxd5
16.Nxd5 cxd5 17.Nd3 Rfe8 18.Qd2 Qc7 19.c3 Bf5 20.Nf4 e6 21.Ne2 Qc4 22.Ng3 Qd3
23.Nxf5 Qxf5 24.Be3 Rc6 25.Bd4 Bxd4 26.Qxd4 Qc2 27.Ra2 Rb8 28.Qa7 Rcc8 29.Qa6 Rxc3
30.bxc3 Qxa2 31.Qxa5 Rb1 32.Rf1 Qa1 33.Qa6 Rxf1+ 34.Qxf1 Qxa4 35.g3 Qe4 36.Qa1 e5
37.Qa5 Kg7 38.h4 Qe1+ 39.Kg2 d4 40.Qc5 dxc3  0-1

[Event "Candidats reserve"]
[Site "London"]
[Date "1985.??.??"]
[Round "1"]
[White "Gavrikov, Viktor"]
[Black "Speelman, Jonathan S"]
[Result "1/2-1/2"]
[WhiteElo "2570"]
[BlackElo "2530"]

1.e4 c6 2.d4 d5 3.Nd2 dxe4 4.Nxe4 Nd7 5.Bc4 Ngf6 6.Ng5 e6 7.Qe2 Nb6 8.Bb3 h6
9.N5f3 a5 10.a3 g6 11.c3 Bg7 12.Ne5 O-O 13.Ngf3 c5 14.O-O a4 15.Ba2 cxd4
16.Rd1 Qe7 17.cxd4 Nbd5 18.Bd2 Rd8 19.Rac1 Bd7 20.Nxd7 Qxd7 21.Bc4 Qd6 22.Rc2 Qb6
23.h4  1/2-1/2

[Event "Candidats reserve"]
[Site "London"]
[Date "1985.??.??"]
[Round "1"]
[White "Speelman, Jonathan S"]
[Black "Van der Wiel, John TH"]
[Result "0-1"]
[WhiteElo "2530"]
[BlackElo "2520"]

1.Nf3 Nf6 2.c4 c5 3.g3 Nc6 4.Bg2 d5 5.cxd5 Nxd5 6.d4 Bf5 7.O-O Ndb4 8.a3 Nc2
9.Nh4 Qxd4 10.Nd2 Nxa1 11.Bxc6+ bxc6 12.Nxf5 Qd7 13.Qa4 g6 14.Ne3 Bg7 15.Ndc4 Qb7
16.Nd5 O-O 17.Qxc6 Qxc6 18.Nxe7+ Kh8 19.Nxc6 Nb3 20.Be3 Rfe8 21.N6e5 Re7
22.Rd1 Nd4 23.Kf1 Bxe5 24.Nxe5 Rae8 25.Nc4 Ne6 26.Bd2 Rd8 27.Ke1 Kg8 28.Rc1 Rb7
29.e3 g5 30.h3 h5 31.Bc3 f5 32.Ke2 Rd5 33.g4 hxg4 34.hxg4 f4 35.Nd2 fxe3
36.fxe3 Re7 37.Kf3 Rd3 38.Kf2 Nc7 39.Rh1 Rdxe3 40.Rh8+ Kf7 41.Nf3 Nd5 42.Bd2 Rb3
43.Nxg5+ Kg7 44.Rd8 Nf6 45.Bc3 Kg6 46.Bxf6 Kxf6 47.Rd5 c4 48.Nf3 Rxb2+ 49.Kg3 Re3
50.Kf4 Rxa3 51.Nd2 c3 52.Ne4+ Ke7 53.Re5+ Kd7 54.Rd5+ Kc6 55.Rc5+ Kb6 56.Rxc3 Rxc3
57.Nxc3 Rc2 58.Ne4 a5  0-1

[Event "Candidats reserve"]
[Site "London"]
[Date "1985.??.??"]
[Round "2"]
[White "Speelman, Jonathan S"]
[Black "Gavrikov, Viktor"]
[Result "1/2-1/2"]
[WhiteElo "2530"]
[BlackElo "2570"]

1.Nf3 Nf6 2.c4 c5 3.g3 b6 4.Bg2 Bb7 5.O-O e6 6.Nc3 Be7 7.d4 cxd4 8.Qxd4 d6
9.Bg5 a6 10.Bxf6 Bxf6 11.Qf4 Ra7 12.Rfd1 Be7 13.a4 O-O 14.h4 Ba8 15.b3 Rd7
16.Qe3 Nc6 17.Rac1 h6 18.Rc2 Nb4 19.Rcd2 Bxf3 20.Qxf3 Qc7 21.Na2 Qc5 22.Qc3  1/2-1/2

[Event "Candidats reserve"]
[Site "London"]
[Date "1985.??.??"]
[Round "4"]
[White "Van der Wiel, John TH"]
[Black "Speelman, Jonathan S"]
[Result "0-1"]
[WhiteElo "2520"]
[BlackElo "2530"]

1.d4 Nf6 2.Nf3 d6 3.c4 Bg4 4.Qb3 Qc8 5.h3 Bh5 6.g4 Bg6 7.Bg2 c6 8.Nc3 e6
9.d5 Be7 10.Be3 Nfd7 11.h4 h6 12.h5 Bh7 13.g5 hxg5 14.h6 Rg8 15.dxe6 fxe6
16.Nxg5 Bxg5 17.Bxg5 Nc5 18.Qd1 Qc7 19.Qd2 Nbd7 20.b4 Na6 21.hxg7 Rxg7 22.Ne4 Bxe4
23.Bxe4 d5 24.Bf4 Qb6 25.Bd6 O-O-O 26.cxd5 Nf6 27.Bc5 Nxc5 28.bxc5 Qxc5 29.Bf3 exd5
30.Rc1 Qd6 31.Qd4 Kb8 32.e3 Rdg8 33.Ke2 Nd7 34.Rh8 Qf8 35.Rxg8 Rxg8 36.Rh1 Qa3
37.Qf4+ Ka8 38.Qf7 Qxa2+ 39.Ke1 Qa1+ 40.Bd1 Qc3+ 41.Kf1 Qd3+ 42.Ke1 Qc3+
43.Kf1 Nf6  0-1

[Event "Candidats reserve"]
[Site "London"]
[Date "1985.??.??"]
[Round "4"]
[White "Speelman, Jonathan S"]
[Black "Gavrikov, Viktor"]
[Result "1-0"]
[WhiteElo "2530"]
[BlackElo "2570"]

1.d4 Nf6 2.c4 g6 3.f3 d5 4.cxd5 Nxd5 5.e4 Nb6 6.Be3 Bg7 7.Nc3 O-O 8.f4 f5
9.Qb3+ e6 10.e5 Nc6 11.Nf3 a5 12.a3 Ne7 13.Kf2 a4 14.Qa2 Ned5 15.Nxd5 Qxd5
16.Qxd5 Nxd5 17.Bc4 Bd7 18.Rac1 Rfc8 19.h3 Bh6 20.g3 Bc6 21.h4 Bf8 22.Ng5 Re8
23.h5 gxh5 24.Rxh5 h6 25.Nf3 Rad8 26.Be2 Bg7 27.Rg1 Kf7 28.g4 fxg4 29.Rxg4 Rg8
30.Rh1 Ne7 31.Rc1 Bf8 32.Rxg8 Kxg8 33.Nh4 Bg7 34.Bg4 Kf7 35.Rg1 Bd5 36.Bh5+ Kf8
37.Bd2 c5 38.dxc5 Be4 39.Ba5 Rd3 40.Rd1 Nd5 41.Rxd3 Bxd3 42.Bd2 Kg8 43.Be8 Bf8
44.c6 Bc5+ 45.Kf3 b5 46.Ba5 Kf8 47.Bd7 Ke7 48.f5 exf5 49.Nxf5+ Bxf5 50.Bxf5  1-0

[Event "Moscow"]
[Site "Moscow"]
[Date "1985.??.??"]
[Round "?"]
[White "Geller, Efim P"]
[Black "Speelman, Jonathan S"]
[Result "1/2-1/2"]
[WhiteElo "2545"]
[BlackElo "2530"]

1.e4 c6 2.d4 d5 3.Nd2 dxe4 4.Nxe4 Nd7 5.Bc4 Ngf6 6.Nxf6+ Nxf6 7.c3 Qc7 8.Qb3 e6
9.Nf3 Bd6 10.O-O Ng4 11.h3 Nh2 12.Nxh2 Bxh2+ 13.Kh1 Bd6 14.Be3 b6 15.Rad1 Bb7
16.Bd3 O-O 17.Be4 Rab8 18.Qc2 Kh8 19.Rfe1 c5 20.Bxb7 Rxb7 21.dxc5  1/2-1/2

[Event "Moscow"]
[Site "Moscow"]
[Date "1985.??.??"]
[Round "?"]
[White "Ivkov, Borislav"]
[Black "Speelman, Jonathan S"]
[Result "1/2-1/2"]
[WhiteElo "2510"]
[BlackElo "2530"]

1.Nf3 d5 2.d4 Nf6 3.c4 c6 4.cxd5 cxd5 5.Nc3 Nc6 6.Bf4 e6 7.e3 Be7 8.Bd3 Nh5
9.Bg3 g6 10.Rc1 Bd7 11.a3  1/2-1/2

[Event "Moscow"]
[Site "Moscow"]
[Date "1985.??.??"]
[Round "?"]
[White "Speelman, Jonathan S"]
[Black "Dolmatov, Sergey"]
[Result "1/2-1/2"]
[WhiteElo "2530"]
[BlackElo "2540"]

1.c4 c6 2.e4 d5 3.exd5 cxd5 4.d4 Nf6 5.Nc3 e6 6.Nf3 Be7 7.cxd5 exd5 8.Ne5 O-O
9.Bd3 Nc6 10.O-O Nxd4 11.Bxh7+ Nxh7 12.Qxd4 Be6 13.Be3 Nf6 14.Rad1 Re8 15.Rfe1  1/2-1/2

[Event "Moscow"]
[Site "Moscow"]
[Date "1985.??.??"]
[Round "?"]
[White "Speelman, Jonathan S"]
[Black "Razuvaev, Yuri S"]
[Result "1/2-1/2"]
[WhiteElo "2530"]
[BlackElo "2520"]

1.Nf3 Nf6 2.c4 b6 3.d4 e6 4.Nc3 Bb7 5.Qc2 c5 6.e4 cxd4 7.Nxd4 Bc5 8.Nb3 Bb4
9.Bd3 Nc6 10.Bf4 Be7 11.Be2 Nb4 12.Qb1 d6 13.O-O a6 14.Rd1 Qc7 15.Bg3 O-O
16.a3 Nc6 17.Qc2 Ne5 18.Nd2 Rac8 19.Rdc1  1/2-1/2

[Event "Moscow"]
[Site "Moscow"]
[Date "1985.??.??"]
[Round "?"]
[White "Vaganian, Rafael A"]
[Black "Speelman, Jonathan S"]
[Result "1-0"]
[WhiteElo "2640"]
[BlackElo "2530"]

1.Nf3 d5 2.g3 g6 3.c4 d4 4.b4 Bg7 5.d3 e5 6.Nbd2 Ne7 7.Bg2 O-O 8.O-O h6 9.a4 Be6
10.Ba3 Qc8 11.Re1 Bh3 12.Bh1 Nf5 13.b5 Re8 14.Ne4 Nd7 15.e3 dxe3 16.fxe3 Nf6
17.Nxf6+ Bxf6 18.Nd2 Bg5 19.Qf3 Nd4 20.Qxb7 Qd7 21.Ra2 Rad8 22.Nf1 a6 23.Bb4 axb5
24.exd4 exd4 25.Qc6 Rxe1 26.Bxe1 Qe7 27.Qe4 Qf8 28.axb5 Re8 29.Ra8 Bd8 30.Bb4 Rxe4
31.Bxf8 Re1 32.Bg2  1-0

[Event "Taxco Interzonal"]
[Site "Taxco"]
[Date "1985.??.??"]
[Round "6"]
[White "Browne, Walter S"]
[Black "Speelman, Jonathan S"]
[Result "0-1"]
[WhiteElo "2530"]
[BlackElo "2530"]

1.d4 Nf6 2.c4 e5 3.dxe5 Ng4 4.Bf4 Nc6 5.Nf3 Bb4+ 6.Nbd2 Qe7 7.a3 Ngxe5 8.Nxe5 Nxe5
9.e3 Bxd2+ 10.Qxd2 d6 11.Be2 b6 12.e4 Bb7 13.f3 O-O-O 14.O-O-O f6 15.h4 h5
16.Rhe1 Rhg8 17.Qc3 g5 18.hxg5 fxg5 19.Bh2 g4 20.f4 Nd7 21.Bd3 h4 22.b4 Qf7
23.Rf1 Rde8 24.Rde1 g3 25.Bg1 h3 26.gxh3 g2 27.Rf3 Ne5 28.Rf2 Nxd3+ 29.Qxd3 Qf6
30.Kb1 Qh4 31.e5 dxe5 32.fxe5 Rg3 33.Qf5+ Kb8 34.Qc2 Qxh3 35.Kb2 a6 36.Rd2 Bc8
37.Rf2 Rd8 38.e6 Bxe6 39.Rf6 Bxc4 40.Qxc4 Rd2+ 41.Kb1 Rxa3  0-1

[Event "Dubai ol (Men)"]
[Site "Dubai"]
[Date "1986.??.??"]
[Round "2"]
[White "Motwani, Paul"]
[Black "Speelman, Jonathan S"]
[Result "1/2-1/2"]
[WhiteElo "2355"]
[BlackElo "2535"]

1.e4 c6 2.c4 e5 3.Nf3 Nf6 4.Nxe5 d6 5.Nf3 Nxe4 6.d4 d5 7.Bd3 Bb4+ 8.Nbd2 Be6
9.O-O Nxd2 10.Bxd2 Bxd2 11.Nxd2 O-O 12.Qc2 g6 13.Rae1 Qf6 14.c5 Qxd4 15.Nb3 Qg7
16.f4 Nd7 17.f5 gxf5 18.Re3 Ne5 19.Rg3 Ng6 20.h4 Qh6 21.Qf2 Rae8 22.Nd4 f4
23.Qxf4 Qxf4 24.Rxf4 Kh8 25.Bxg6  1/2-1/2

[Event "Hastings8687"]
[Site "Hastings"]
[Date "1986.??.??"]
[Round "?"]
[White "Speelman, Jonathan S"]
[Black "Lputian, Smbat G"]
[Result "1/2-1/2"]
[WhiteElo "2535"]
[BlackElo "2520"]

1.d4 Nf6 2.c4 g6 3.f3 d5 4.cxd5 Nxd5 5.e4 Nb6 6.Nc3 Bg7 7.Be3 Nc6 8.d5 Ne5
9.f4 Ng4 10.Bb5+ Bd7 11.Bd4 Bxd4 12.Qxd4 O-O 13.Be2 c6 14.dxc6 bxc6 15.Nf3 Qc7
16.h3 Nf6 17.Qe3 Nc8 18.g4 Qb6 19.Qxb6 Nxb6 20.O-O-O Rfd8 21.Rd2 Be6 22.Ne5 Rxd2
23.Kxd2 Rc8 24.Ke3 Nfd7 25.Nxd7 Bxd7 26.Ba6 Rb8 27.b3 f6 28.Rd1 Be6 29.Ne2 c5
30.Nc3 f5 31.Be2 fxe4 32.Nxe4 c4 33.Nc5 Bf7 34.bxc4 Nxc4+ 35.Bxc4 Bxc4 36.Rd7 Bxa2
37.Rxa7 Rc8 38.Ne4 Bd5 39.Rxe7  1/2-1/2

[Event "Hastings8687"]
[Site "Hastings"]
[Date "1986.??.??"]
[Round "?"]
[White "Speelman, Jonathan S"]
[Black "Large, Peter G"]
[Result "1-0"]
[WhiteElo "2535"]
[BlackElo "2370"]

1.Nf3 d5 2.d4 Nf6 3.c4 e6 4.Nc3 Be7 5.Bg5 h6 6.Bxf6 Bxf6 7.e3 O-O 8.Rc1 c6
9.Bd3 Nd7 10.O-O dxc4 11.Bxc4 e5 12.h3 exd4 13.exd4 Nb6 14.Bb3 a5 15.Re1 Bf5
16.Ne5 a4 17.Nxa4 Nxa4 18.Bxa4 Qb6 19.Bb3 Rad8 20.Qh5 Be6 21.Bxe6 fxe6 22.Ng4 Bg5
23.Rb1 Rxd4 24.Rxe6 Rd2 25.Re8 Rxe8 26.Qxe8+ Kh7 27.Qe4+ g6 28.h4 Qd4 29.hxg5  1-0

[Event "Hastings8687"]
[Site "Hastings"]
[Date "1986.??.??"]
[Round "?"]
[White "Speelman, Jonathan S"]
[Black "Kudrin, Sergey"]
[Result "1/2-1/2"]
[WhiteElo "2535"]
[BlackElo "2495"]

1.d4 Nf6 2.Nf3 e6 3.c4 b6 4.Nc3 Bb4 5.g3 Bxc3+ 6.bxc3 Bb7 7.Bg2 O-O 8.O-O Nc6
9.Ne5 Na5 10.Bg5 Bxg2 11.Kxg2 h6 12.Bxf6 gxf6 13.Ng4 f5 14.Ne3 Qf6 15.Qd3 f4
16.Ng4 Qg7 17.Kh3 Qg5 18.Ne5 d6 19.Nf3 Qh5+ 20.Kg2 Qg6 21.Nd2 Qxd3 22.exd3 fxg3
23.hxg3 f5 24.Rae1 Rae8 25.Re2 c5 26.Nf3 cxd4 27.Nxd4 e5 28.Nb5 Nc6 29.Rh1  1/2-1/2

[Event "Hastings8687"]
[Site "Hastings"]
[Date "1986.??.??"]
[Round "?"]
[White "Speelman, Jonathan S"]
[Black "Conquest, Stuart"]
[Result "1/2-1/2"]
[WhiteElo "2535"]
[BlackElo "2430"]

1.c4 e5 2.Nc3 Nc6 3.g3 g6 4.Bg2 Bg7 5.e3 Nge7 6.Nge2 O-O 7.Rb1 d6 8.b4 Bf5
9.d3 Qd7 10.h3 Be6 11.b5 Nd8 12.Qb3 h5 13.Ne4 f6 14.N4c3 g5 15.h4 g4 16.a4 f5
17.e4 Bf7 18.Bg5 Ne6 19.Bxe7 Qxe7 20.exf5 Nc5 21.Qc2 Qd7 22.Ne4 Nxe4 23.dxe4 c6
24.O-O cxb5 25.cxb5 Rac8 26.Qd2 Kh7 27.Rfd1 Rfd8 28.Nc3 Bh6 29.Qb2 Rc5 30.Nd5 Bxd5
31.Rxd5 Rxd5 32.exd5 Qxf5 33.Qb4 Kg7 34.Be4 Qf7 35.Rb2 Rd7 36.Rc2 b6 37.Qc4 Qf6
38.Qc8 Rf7 39.Kh1 Be3 40.Qe6  1/2-1/2

[Event "Hastings8687"]
[Site "Hastings"]
[Date "1986.??.??"]
[Round "?"]
[White "Petursson, Margeir"]
[Black "Speelman, Jonathan S"]
[Result "0-1"]
[WhiteElo "2510"]
[BlackElo "2535"]

1.d4 g6 2.c4 Bg7 3.e4 d6 4.Nc3 Nc6 5.Be3 e5 6.d5 Nce7 7.g4 Nf6 8.f3 Nd7 9.h4 f5
10.h5 h6 11.gxf5 gxf5 12.Qd2 Nf6 13.O-O-O f4 14.Bf2 b6 15.Bh4 Nh7 16.Bh3 Bf6
17.Bxf6 Nxf6 18.Be6 Nh7 19.Nh3 Bxe6 20.dxe6 Nf8 21.Nd5 Nxe6 22.Rhg1 Rf8 23.Nxe7 Qxe7
24.Qd5 O-O-O 25.Qd3 Qh4 26.Qf1 Qxh5 27.Rg4 Rg8 28.Nf2 Qf7 29.Rxg8 Rxg8 30.Ng4 Rh8
31.Qh3 Kb7 32.b3 h5 33.Nf2 Nd4  0-1

[Event "Hastings8687"]
[Site "Hastings"]
[Date "1986.??.??"]
[Round "?"]
[White "Speelman, Jonathan S"]
[Black "Chiburdanidze, Maia"]
[Result "1/2-1/2"]
[WhiteElo "2535"]
[BlackElo "2435"]

1.Nf3 Nf6 2.c4 g6 3.Nc3 Bg7 4.e4 d6 5.d4 O-O 6.Be2 e5 7.O-O Nbd7 8.Be3 Qe7
9.dxe5 dxe5 10.Nd5 Qd8 11.Qc2 c6 12.Nxf6+ Bxf6 13.c5 Re8 14.Rfd1 Qe7 15.Nd2 Bg5
16.Bxg5 Qxg5 17.Nc4 Nf8 18.Nd6  1/2-1/2